La venta centrada en el cliente: filosofía y práctica de la venta (Registro nro. 9826)
[ vista simple ]
| 000 -Cabecera | |
|---|---|
| Campo de control de longitud fija | 00683ntm a22002777a 4500 |
| 005 - Fecha y hora de la última transacción | |
| Campo de control | 20240311133317.0 |
| 008 - Elementos de longitud fija--Información general | |
| Campo de control de longitud fija | 170901b xxu||||| |||| 00| 0 spa d |
| 020 ## - International Standard Book Number | |
| Número Internacional Estándar del Libro (ISBN) | 9786075382906 |
| 041 ## - Idioma | |
| Código de idioma | Español |
| 082 ## - Clasificación Decimal Dewey | |
| Número de clasificación | 658.81 A318v |
| 100 ## - Entrada principal--Autor personal | |
| Nombre personal | Álamo Carrasco, Pedro |
| 9 (RLIN) | 62511 |
| 245 ## - Título propiamente dicho | |
| Título | La venta centrada en el cliente: filosofía y práctica de la venta |
| 260 ## - Pie de imprenta | |
| Lugar de publicación, distribución, etc. | México |
| 260 ## - Pie de imprenta | |
| Nombre del editor, distribuidor, etc. | Alfaomega |
| 260 ## - Pie de imprenta | |
| Fecha de publicación, distribución, etc. | 2018 |
| 300 ## - Descripción física | |
| Extensión | 187 páginas |
| 650 ## - Materia general | |
| Temática (materia general) | VENTAS |
| 650 ## - Materia general | |
| Temática (materia general) | CLIENTES |
| 650 ## - Materia general | |
| Temática (materia general) | VENDEDORES |
| 650 ## - Materia general | |
| Temática (materia general) | DINÁMICA DE TRABAJO |
| 650 ## - Materia general | |
| Temática (materia general) | COMUNICACIÓN |
| 650 ## - Materia general | |
| Temática (materia general) | PROCESO COMERCIAL |
| 942 ## - Punto de acceso adicional KOHA | |
| Tipo de ítem KOHA | Libro |
| Fuente del sistema de clasificación o colocación | Dewey Decimal Classification |
| Signatura completa | Código de barras | Programa Académico | Tipo de ítem |
|---|---|---|---|
| 658.81 A318v | 25435 | Libro |